兵庫県の市区町村(1968年) - Statistics

General Stats
  • This quiz has been taken 31 times
  • The average score is 55 of 101
Answer Stats
コード 市区町村 備考 % Correct
28105 神戸市兵庫区
89%
28201 姫路市
89%
28101 神戸市東灘区
83%
28102 神戸市灘区
83%
28106 神戸市長田区
83%
28202 尼崎市
83%
28203 明石市
83%
28204 西宮市
83%
28206 芦屋市
83%
28207 伊丹市
83%
28209 豊岡市
83%
28210 加古川市
83%
28212 赤穂市
83%
28214 宝塚市
83%
28217 川西市
83%
28103 神戸市葺合区 1980年消滅
78%
28104 神戸市生田区 1980年消滅
78%
28107 神戸市須磨区
78%
28108 神戸市垂水区
78%
28205 洲本市
78%
28208 相生市
78%
28213 西脇市
78%
28216 高砂市
78%
28218 小野市
78%
28220 加西市
78%
28211 龍野市 2005年消滅
72%
28215 三木市
72%
28219 三田市
72%
28381 加古郡稲美町
67%
28382 加古郡播磨町
67%
28622 朝来郡和田山町 2005年消滅
61%
28624 朝来郡朝来町 2005年消滅
61%
28642 氷上郡氷上町 2004年消滅
61%
28422 飾磨郡夢前町 2006年消滅
56%
28501 佐用郡佐用町
56%
28601 養父郡八鹿町 2004年消滅
56%
28602 養父郡養父町 2004年消滅
56%
28621 朝来郡生野町 2005年消滅
56%
28683 津名郡北淡町 2005年消滅
56%
28685 津名郡五色町 2006年消滅
56%
28301 川辺郡猪名川町
50%
28341 加東郡社町 2006年消滅
50%
28343 加東郡東条町 2006年消滅
50%
28421 飾磨郡家島町 2006年消滅
50%
28442 神崎郡市川町
50%
28443 神崎郡福崎町
50%
28464 揖保郡太子町
50%
28481 赤穂郡上郡町
50%
28502 佐用郡上月町 2005年消滅
50%
28504 佐用郡三日月町 2005年消滅
50%
28521 宍粟郡山崎町 2005年消滅
50%
28523 宍粟郡一宮町 2005年消滅
50%
28561 出石郡出石町 2005年消滅
50%
28581 美方郡村岡町 2005年消滅
50%
28583 美方郡美方町 2005年消滅
50%
28584 美方郡温泉町 2005年消滅
50%
28641 氷上郡柏原町 2004年消滅
50%
28643 氷上郡青垣町 2004年消滅
50%
28681 津名郡津名町 2005年消滅
50%
28321 美嚢郡吉川町 2005年消滅
44%
28361 多可郡中町 2005年消滅
44%
28362 多可郡加美町 2005年消滅
44%
28461 揖保郡新宮町 2005年消滅
44%
28524 宍粟郡波賀町 2005年消滅
44%
28541 城崎郡城崎町 2005年消滅
44%
28542 城崎郡竹野町 2005年消滅
44%
28562 出石郡但東町 2005年消滅
44%
28582 美方郡浜坂町 2005年消滅
44%
28623 朝来郡山東町 2005年消滅
44%
28645 氷上郡山南町 2004年消滅
44%
28661 多紀郡篠山町
44%
28666 多紀郡今田町 1999年消滅
44%
28682 津名郡淡路町 2005年消滅
44%
28684 津名郡一宮町 2005年消滅
44%
28701 三原郡緑町 2005年消滅
44%
28703 三原郡三原町 2005年消滅
44%
28342 加東郡滝野町 2006年消滅
39%
28363 多可郡八千代町 2005年消滅
39%
28364 多可郡黒田庄町 2005年消滅
39%
28463 揖保郡御津町 2005年消滅
39%
28503 佐用郡南光町 2005年消滅
39%
28525 宍粟郡千種町 2005年消滅
39%
28603 養父郡大屋町 2004年消滅
39%
28604 養父郡関宮町 2004年消滅
39%
28646 氷上郡市島町 2004年消滅
39%
28664 多紀郡西紀町 1999年消滅
39%
28686 津名郡東浦町 2005年消滅
39%
28702 三原郡西淡町 2005年消滅
39%
28704 三原郡南淡町 2005年消滅
39%
28441 神崎郡神崎町 2005年消滅
33%
28444 神崎郡香寺町 2006年消滅
33%
28445 神崎郡大河内町 2005年消滅
33%
28462 揖保郡揖保川町 2005年消滅
33%
28543 城崎郡香住町 2005年消滅
33%
28644 氷上郡春日町 2004年消滅
33%
28665 多紀郡丹南町 1999年消滅
33%
28401 印南郡志方町 1979年消滅
28%
28522 宍粟郡安富町 2006年消滅
28%
28544 城崎郡日高町 2005年消滅
17%
28662 多紀郡城東町 1975年消滅
17%
28663 多紀郡多紀町 1975年消滅
17%
No matching quizzes found
Score Distribution
Percent of People with Each Score
Percentile by Number Answered
Your Score History
You have not taken this quiz